Statistics for Vegas Golden Knights Roster

Click here to take the quiz!

General Stats

  • This quiz has been taken 92 times
    (12 since last reset)
  • The average score is 14 of 28

Answer Stats

PositionAnswer% Correct
GoaltenderAdin Hill
100%
GoaltenderLogan Thompson
100%
DefensemanAlex Pietrangelo
89%
CenterJonathan Marchessault
89%
Right WingMark Stone
89%
DefensemanShea Theodore
89%
CenterWilliam Karlsson
89%
CenterJack Eichel
78%
DefensemanZach Whitecloud
67%
DefensemanAlec Martinez
56%
DefensemanBrayden McNabb
56%
CenterNicolas Roy
56%
DefensemanNoah Hanifin
56%
Right WingAnthony Mantha
44%
CenterChandler Stephenson
44%
CenterIvan Barbashev
44%
Left WingWilliam Carrier
44%
Right WingKeegan Kolesar
33%
CenterMichael Amadio
33%
DefensemanNicolas Hague
33%
Left WingPavel Dorofeyev
33%
DefensemanBen Hutton
22%
CenterBrett Howden
22%
CenterPaul Cotter
22%
CenterBrendan Brisson
11%
DefensemanKaeden Korczak
11%
CenterByron Froese
0%
Right WingJonas Røndbjerg
0%

Score Distribution

Percentile by Number Answered

Percent of People with Each Score

Your Score History

You have not taken this quiz since the last reset